000 00792nam a2200229 4500
001 171219
003 ES-MaACL
005 20250703063131.0
007 t|
008 090505s1974 be r ||||1| fre d
080 _a232.9
100 1 _aRenan, Ernest,
_d1823-1892
_996168
245 1 0 _aVie de Jésus /
_cErnest Renan ; présentation de Pierre de Boisdeffre.
260 _aVerviers :
_bMarabout,
_c1974.
300 _aXVII, 364 p. ;
_c18 cm.
490 1 _aMarabout université ;
_v248.
_aClassique
600 0 4 _aJesucristo-
_xBiografías.
_9140032
700 0 _aBoisdeffre, Pierre de.
_929859
830 0 _aMarabout université ;
_v248.
_aClassique
_9223160
852 4 _aES-MaACL
_jE-12622
_9R.140187
_z. - Biblioteca Jacinto Martínez Lacalle
999 _c171219
_d171219